Artist names by antonyms - Statistics

General Stats
  • This quiz has been taken 20 times
  • The average score is 7 of 16
Answer Stats
Hint Answer % Correct
The Windows The Doors
88%
The Disease The Cure
76%
VideoFoot Radiohead
71%
White Passover Black Sabbath
65%
Rare Common
65%
Living Nixons Dead Kennedys
65%
We Definitely Are Dwarfs They Might Be Giants
59%
Brownie Blondie
53%
Focus Blur
47%
The City Girls The Beach Boys
35%
Gavrilo Princip Franz Ferdinand
29%
White City, Old Path Black Country, New Road
18%
Copper Knight Iron Maiden
12%
Road Pavement
12%
Camilla summer Cameron Winter
6%
Sensible Conformity Daft Punk
0%
No matching quizzes found
Score Distribution
Percent of People with Each Score
Percentile by Number Answered
Your Score History
You have not taken this quiz